| 000 | 00559nam a22001817a 4500 | ||
|---|---|---|---|
| 999 |
_c169484 _d169484 |
||
| 005 | 20191121143152.0 | ||
| 010 | _aENG-126962 | ||
| 020 |
_a9789383657490 _c35.00 |
||
| 035 | _aEN-110494 | ||
| 037 | _bDBAD/PUB | ||
| 082 | _a230.4 | ||
| 100 | _aMani, Brij Ranjan | ||
| 245 |
_aBhakti radicalism / _cby Braj Ranjan Mani |
||
| 260 |
_aNew Delhi _bCritical Quest _c2019 |
||
| 270 |
_a420, G/Block, Phase VI , Aya Nagar _bNew Delhi _e110047 _k9910036543 _mcriticalquest@gmail.com |
||
| 300 |
_a40p. _c21cm(pbk) |
||
| 942 |
_2ddc _cEN _h230.4 _mMAN |
||